000 00644nam a2200205 u 4500
005 20210223130451.0
008 080527s2006 mx r 000 0 spa d
020 _a9681682718
035 _aUPN01000156377
049 _aI
050 4 _aPZ7
_bK5.6
100 1 _aKitamura, Satoshi,
_d1956-
_933149
245 1 0 _aPablo el artista /
_cSatoshi Kitamura ; tr. Marisol Ruiz Monter.
260 _aMéxico :
_bFCE,
_c2006.
300 _a[24] p. :
_bprincipalmete il. col.
440 4 _aLos especiales de A la orilla del viento
534 _pTítulo original:
_tPablo the artist
650 4 _aCUENTOS INFANTILES JAPONESES
_98590
905 _aInfantil
999 _c128491
_d128491